20 discursos sobre el general José Antonio Páez
Đã lưu trong:
| Định dạng: | Sách |
|---|---|
| Ngôn ngữ: | Tiếng Tây Ban Nha |
| Được phát hành: |
Caracas
Congreso de la República
1973
|
| Loạt: | Biblioteca de la Academia Nacional de la Historia, 13
|
| Những chủ đề: | |
| Các nhãn: |
Thêm thẻ
Không có thẻ, Là người đầu tiên thẻ bản ghi này!
|
MARC
| LEADER | 00000nam a2200000 a 4500 | ||
|---|---|---|---|
| 001 | UCR1381 | ||
| 003 | CL-VaPUC | ||
| 005 | 20250224161802.0 | ||
| 008 | 971219e19730000VE |||||||||||||||||spa|d | ||
| 999 | |c 264784 |d 264782 | ||
| 040 | |c Pontificia Universidad Católica de Valparaíso | ||
| 082 | 0 | 4 | |a 987.04 |b VEI |2 21 |
| 245 | 1 | 0 | |a 20 discursos sobre el general José Antonio Páez |
| 246 | 1 | 0 | |a Veinte discursos sobre el general José Antonio Páez |
| 260 | |a Caracas |b Congreso de la República |c 1973 | ||
| 300 | |a 294 p | ||
| 490 | 0 | |a Biblioteca de la Academia Nacional de la Historia, 13 | |
| 583 | |a last modification |c 19971219 00:00:00 |k Rodrigo Vera | ||
| 600 | |a Páez, José Antonio, |d 1790-1873 |x Biografías |9 879891 | ||
| 650 | 0 | |a Historia venezolana |9 393448 | |
| 650 | 0 | |a Independencia |9 344246 | |
| 650 | 0 | |a Fuerzas Armadas |9 255504 | |
| 651 | 0 | |a Venezuela |9 254993 | |
| 942 | |c BK |2 ddc | ||
| 945 | |d 19971219 00:00:00 |a cmena | ||
| 952 | |0 0 |1 0 |4 0 |6 987_040000000000000_VEI_1973 |7 0 |8 DER_HDC |9 295279 |a BIBDER |b BIBDER |d 2019-11-19 |i 192222K |o 987.04 VEI 1973 |p 192222K |r 2023-01-25 |w 2019-11-19 |x Ubicación 4to Piso |y BK |z Estos recursos deben solicitarse con anticipación |k DER | ||